Zvukoizolačné vlastnosti ľahkých deliacich konštrukcií z dreva v administratívnych a ostatných budovách

Podrobná bibliografia
Hlavný autor: Tomašovič, Peter, 1947- (Autor)
Médium: Článok
Jazyk:slovenčina
Fyzický popis:Obr. 11. Tb. 4.
Predmet:

MARC

LEADER 00000nab a2200000 a 4500
001 vtls000075705
003 SK-MaSNL
005 20260303021837.0
008 140328c1980 xo 0 slo
015 |a SNBRB19rr/mm-uuuuu 
035 |a CL0085806 
040 |a SNKBUCL  |b slo  |c SNKBUCL  |e AACR2 
041 0 |a slo 
044 |a xo  |c SK 
080 |a 624  |2 1981 
080 |a 694  |2 1981 
100 1 |a Tomašovič, Peter,  |d 1947-  |4 aut  |9 100294 
245 1 0 |a Zvukoizolačné vlastnosti ľahkých deliacich konštrukcií z dreva v administratívnych a ostatných budovách  |c Peter Tomašovič 
300 |b Obr. 11. Tb. 4. 
650 0 7 |a drevené konštrukcie  |2 snkbucl  |9 3694 
650 0 7 |a budovy drevené  |2 snkbucl  |9 1003222 
655 7 |a články z novín a časopisov  |2 snkbucl  |9 267496 
773 0 |t Drevo  |g Roč. 35, č. 30 (1980), s. 284-289 
850 |a Slovenská národná knižnica v Martine  |a MTA001 
852 |a SNK  |b KIS3GCP 
958 |a RK 
992 |a RBX 
999 |c 1625439  |d 1627369